| 000 | 00433nam a2200121Ia 4500 | ||
|---|---|---|---|
| 008 | 220620s9999||||xx |||||||||||||| ||und|| | ||
| 245 | 0 | _aChemistry, Emission Control, Radioactive Pollution and Indoor Air Quality | |
| 546 | _aEnglish[eng] | ||
| 650 | _aEnvironmental science, engineering & technology | ||
| 700 | _aMazzeo, Nicolas | ||
| 856 | _uhttps://mts.intechopen.com/storage/books/519/authors_book/authors_book.pdf | ||
| 942 | _cEB | ||
| 999 |
_c24401 _d24401 |
||